Закономерности и особенности распределения химического состава подземных вод неоген-четвертичных отложений на территории Томской области; Проблемы поисковой и экологической геохимии Сибири

Dades bibliogràfiques
Parent link:Проблемы поисковой и экологической геохимии Сибири.— 2003.— С. 89-91
Autor principal: Макушин Ю. В.
Altres autors: Шинкаренко В. П., Савичев О. Г. Олег Геннадьевич
Idioma:rus
Publicat: 2003
Matèries:
Format: MixedMaterials Capítol de llibre
KOHA link:https://koha.lib.tpu.ru/cgi-bin/koha/opac-detail.pl?biblionumber=105358

MARC

LEADER 00000naa2a2200000 4500
001 105358
005 20231215103159.0
035 |a (RuTPU)RU\TPU\book\113689 
090 |a 105358 
100 |a 20061115d2003 k y0rusy50 ca 
101 0 |a rus 
102 |a RU 
200 1 |a Закономерности и особенности распределения химического состава подземных вод неоген-четвертичных отложений на территории Томской области  |f Ю. В. Макушин, В. П. Шинкаренко, О. Г. Савичев 
320 |a Библиогр.: 5 назв. 
463 0 |0 (RuTPU)RU\TPU\book\61426  |y 5-98298-031-5  |t Проблемы поисковой и экологической геохимии Сибири  |o труды Всероссийской гидрогеохимической конференции, Томск 25-30 октября 2003 г.  |f Томский политехнический университет; Институт геологии и нефтегазового дела ТПУ  |v С. 89-91  |d 2003  |p 330 с. 
610 1 |a воды подземные 
610 1 |a химический состав 
610 1 |a гидродинамические зоны 
610 1 |a антропогенные воздействия 
610 1 |a минерализация 
610 1 |a Томская область 
610 1 |a труды учёных ТПУ 
700 1 |a Макушин  |b Ю. В. 
701 1 |a Шинкаренко  |b В. П. 
701 1 |a Савичев  |b О. Г.  |c геолог  |c профессор Томского политехнического университета, доктор географических наук  |f 1967-  |g Олег Геннадьевич  |3 (RuTPU)RU\TPU\pers\25454  |9 11394 
801 1 |a RU  |b 63413507  |c 20061115  |g PSBO 
801 2 |a RU  |b 63413507  |c 20150831  |g PSBO 
942 |c BK